Dios creador, Dios fin de la creación, Dios providente : refutación antigua de problemas que se llaman nuevos /

Esta conferencia fue predicada en la Catedral de Guadalajara y tiene como objetivo principal el tratar de encontrar la causa primera de toda existencia, desde el punto de vista filosófico y teológico.

Spremljeno u:
Bibliografski detalji
Glavni autor: Cornejo, José María (autor)
Format: Knjiga
Jezik:španjolski
Teme:
Oznake: Dodaj oznaku
Bez oznaka, Budi prvi tko označuje ovaj zapis!

MARC

LEADER 00000nam^a2200000^a^4500
001 000110687
005 20250521000000.0
009 20260310093804.827
037 |a Acervo ITESO - Biblioteca 
041 |a ESP 
082 |a 231. 044  |b COR 
100 |a Cornejo, José María  |e (autor) 
245 1 0 |a Dios creador, Dios fin de la creación, Dios providente :  |b refutación antigua de problemas que se llaman nuevos /  |c J.M. Cornejo. 
264 |a Guadalajara, México :  |b editorial no identificada,  |c 1917 
300 |a 19 p. 
336 |a texto  |b txt  |2 rdacontenido 
337 |a sin mediación  |b n  |2 rdamedio 
338 |a volumen  |b nc  |2 rdasoporte 
520 |a Esta conferencia fue predicada en la Catedral de Guadalajara y tiene como objetivo principal el tratar de encontrar la causa primera de toda existencia, desde el punto de vista filosófico y teológico. 
649 |a XX 
650 |a Dios 
650 |a Creación 
650 |a Providencia y Gobierno de Dios 
650 |a Religión y Ciencia 
650 |a Religión -  |x Filosofía 
650 |a Teología Filosófica 
650 |a Teología Natural 
650 |a Catolicismo 
650 |a Cristianismo 
650 |a Religión 
910 |a Fondo Salvador Reynoso Reynoso 
920 |a Impresos - Libros 
930 |a Fondos Especiales 
905 |a 112 
901 |a 0800000385  |b IT2  |c ESP  |u 20250521 
902 |a https://opac.biblio.iteso.mx/vufind/Record/000110687